• 首页
  • 本馆介绍
  • 公告通知
  • 最新文献
  • 馆藏检索
  • 电子资源
  • 读者导购
  • 参考咨询
  • 我的图书馆
  • 登录
  • 详细信息显示
  • 放入我的书架
  • 预约/预借图书
  • 作者相关作品
  • 分类相关作品
  • 丛书相关作品
  • 出版社相关作品

书目信息

  • 表格格式
  • 工作单格式
  • 卡片格式
题名:
中国中古史研究
    
 
作者: ;《中国中古史研究》编委会 编
分册: 第二卷  
出版信息: 北京   中华书局  2011
页数: 346页
开本: 24cm
丛书名:
单 册:
中图分类: K240.7
科图分类:
主题词: 中古史
电子资源:
ISBN: 978-7-101-08080-3
000 01189nam0 22002651 450
001 523
005 20140910105601.32
010    @a978-7-101-08080-3@dCNY68.00
100    @a20120216d2011 em y0chiy50 ea
101 0  @achi
102    @aCN@b110000
105    @ay z 000yy
106    @ar
200 1  @a中国中古史研究@AZhong Guo Zhong Gu Shi Yan Jiu@h第二卷@HDi Er Juan@e中国中古史青年学者联谊会会刊@EZhong Guo Zhong Gu Shi Qing Nian Xue Zhe Lian Yi Hui Hui Kan@f《中国中古史研究》编委会编@F《 Zhong Guo Zhong Gu Shi Yan Jiu》 Bian Wei Hui Bian
210    @a北京@c中华书局@d2011
215    @a346页@d24cm
330    @a本书分为“综述”、“历史书写”、“地域”、“制度”、“北族”、“文化”六部分,收录了《台湾魏晋南北朝史研究的建立与发展》、《“开国群雄传”小考》、《孙吴年号与符瑞问题》、《北魏胡族体制论》等文章。
517 1  @a中国中古史青年学者联谊会会刊@AZhong Guo Zhong Gu Shi Qing Nian Xue Zhe Lian Yi Hui Hui Kan
606 0  @a中古史
607    @a中国@x中古史@x研究
607    @a中国
690    @aK240.7@v5
711 02 @a《中国中古史研究》编委会@A《 Zhong Guo Zhong Gu Shi Yan Jiu》 Bian Wei Hui@4编
801  0 @aCN@bTANGWEI@c20140603
905    @b0837144-46@dK240.7@e29:2@f3
    
    中国中古史研究.第二卷:中国中古史青年学者联谊会会刊/《中国中古史研究》编委会编.-北京:中华书局,2011
    346页;24cm
    
    
    ISBN 978-7-101-08080-3:CNY68.00
    本书分为“综述”、“历史书写”、“地域”、“制度”、“北族”、“文化”六部分,收录了《台湾魏晋南北朝史研究的建立与发展》、《“开国群雄传”小考》、《孙吴年号与符瑞问题》、《北魏胡族体制论》等文章。
●
相关链接 在E读中查询图书 在五车中查询图书 在当当中查询图书 在豆瓣中查询图书


正题名:中国中古史研究     索取号:K240.7/29:2         预约/预借

序号 登录号 条形码 馆藏地/架位号 状态 备注
1 0837144   208371448   第二样本阅览室/ [索取号:K240.7/29:2] 在馆    
2 0837145   208371457   第二借阅区/ [索取号:K240.7/29:2] 在馆    
3 0837146   208371466   第二借阅区/ [索取号:K240.7/29:2] 在馆    
唐山师范学院图书馆 欢迎您!
大连网信软件有限公司© 版权所有